QUAERE 2017 recenzovaný sborník příspěvků vědecké interdisciplinární mezinárodní vědecké konference doktorandů a odborných asistentů : roč. 7 : 26.-30. června 2017, Hradec Králové, Česká republika
Salvato in:
| Ente Autore: | |
|---|---|
| Altri autori: | , |
| Natura: | Libro |
| Lingua: | ceco inglese |
| Pubblicazione: |
Hradec Králové
MAGNANIMITAS
2017
|
| Soggetti: | |
| Tags: |
Nessun Tag, puoi essere il primo ad aggiungerne!!
|
MARC
| LEADER | 00000nlm a2200000 4500 | ||
|---|---|---|---|
| 001 | 0234830 | ||
| 005 | 20240104131517.1 | ||
| 020 | |a 978-80-87952-20-7 | ||
| 041 | 0 | |a cze | |
| 041 | 0 | |a eng | |
| 044 | |a CZ | ||
| 245 | 1 | 0 | |a QUAERE 2017 |b recenzovaný sborník příspěvků vědecké interdisciplinární mezinárodní vědecké konference doktorandů a odborných asistentů : roč. 7 : 26.-30. června 2017, Hradec Králové, Česká republika |c reviewed by: Zdeněk Závora ... [et al.] |
| 264 | 1 | |a Hradec Králové |b MAGNANIMITAS |c 2017 | |
| 300 | |a online [785 s.] | ||
| 610 | 2 | 0 | |a manažment |
| 610 | 2 | 0 | |a marketing |
| 610 | 2 | 0 | |a ekonómia |
| 610 | 2 | 0 | |a veda ekonomická |
| 610 | 2 | 0 | |a bankovníctvo |
| 610 | 2 | 0 | |a poisťovníctvo |
| 610 | 2 | 0 | |a správa verejná |
| 610 | 2 | 0 | |a vedy prírodné |
| 610 | 2 | 0 | |a psychológia |
| 610 | 2 | 0 | |a sociológia |
| 610 | 2 | 0 | |a pedagogika |
| 610 | 2 | 0 | |a informatika |
| 610 | 2 | 0 | |a technológie nové |
| 610 | 2 | 0 | |a priemysel strojársky |
| 610 | 2 | 0 | |a stavebníctvo |
| 700 | 1 | |a Závora, Zdeněk | |
| 700 | 1 | |a Václavek, Radim | |
| 110 | 2 | |a QUAERE 2017. Interdisciplinární mezinárodní vědecká konference doktorandů a odborných asistentů | |